000 00522nam a2200181Ia 4500
005 20250508160744.0
008 008 250505s9999 xx 000 0 eng d
037 _aTextual
040 _aFEDL
_beng
_cFEDL
041 _aeng
_2eng
084 _a352.12, LEW
_qFEDL
100 _aLewis Wilfred Ed.
_9340032
245 0 _aBudget concepts for economic analysis
260 _aWashington, USA
_bThe Brookings Institution
_c1968
300 _a198p.
942 _cTEXL
_h352.12, LEW
999 _c1366434
_d1366434